Análisis comparado de la cobertura de la educación superior en Corea del Sur y Chile : (Record no. 189426)
[ view plain ]
| 000 -CABECERA | |
|---|---|
| campo de control de longitud fija | 01749nab a2200277 a 4500 |
| 005 - FECHA Y HORA DE LA ÚLTIMA TRANSACCIÓN | |
| campo de control | 20210223133247.0 |
| 008 - ELEMENTOS DE LONGITUD FIJA--INFORMACIÓN GENERAL | |
| campo de control de longitud fija | 991125s1985 mx 000 0 spa u |
| 035 ## - NÚMERO DE CONTROL DEL SISTEMA | |
| Número de control de sistema | UPN01000217326 |
| 049 ## - COLECCIÓN | |
| Colección | ART |
| 100 1# - ASIENTO PRINCIPAL--NOMBRE PERSONAL | |
| Nombre de persona | Ocegueda Hernández, Juan Manuel |
| 9 (RLIN) | 37775 |
| 100 1# - ASIENTO PRINCIPAL--NOMBRE PERSONAL | |
| Nombre de persona | Miramontes Arteaga, María Antonia |
| 100 1# - ASIENTO PRINCIPAL--NOMBRE PERSONAL | |
| Nombre de persona | Moctezuma Hernández, Patricia |
| 9 (RLIN) | 34551 |
| 100 1# - ASIENTO PRINCIPAL--NOMBRE PERSONAL | |
| Nombre de persona | Mungaray Lagarda, Alejandro |
| 9 (RLIN) | 29565 |
| 222 #0 - TÍTULO CLAVE | |
| Título clave | PERFILES EDUCATIVOS |
| 245 00 - MENCIÓN DE TÍTULO | |
| Título | Análisis comparado de la cobertura de la educación superior en Corea del Sur y Chile : |
| Resto del título | una reflexión para México |
| 260 ## - PUBLICACIÓN, DISTRIBUCIÓN, ETC. | |
| Lugar de publicación, distribución, etc. | México |
| 300 ## - DESCRIPCIÓN FÍSICA | |
| Extensión | 141-159 |
| 362 0# - FECHAS DE PUBLICACIÓN Y/O DESIGNACIÓN SECUENCIAL | |
| Fecha de publicación y/o designación secuencial | 2017 Volumen 39, número 155, enero-marzo |
| 520 3# - NOTA DE RESUMEN, ETC. | |
| Sumario, etc. | El trabajo explora las experiencias de transformación de la educación superior en Corea del Sur y Chile, enfatizando los logros obtenidos en la ampliación de la cobertura y algunos efectos sobre la percepción de equidad y calidad educativa. Se destaca la importancia de las tendencias demográficas, el esfuerzo privatizador, la inversión de recursos en el sector, la cultura y algunas particularidades de los sistemas de educación superior, como factores que explican las diferencias observables entre estas naciones, y se presentan algunas reflexiones para México sobre los alcances y riesgos de mejorar la cobertura de la educación superior a través de esfuerzos de instituciones privadas |
| 653 0# - TERMINO DE INDIZACION - NO CONTROLADO | |
| Término no controlado | EDUCACION SUPERIOR |
| 653 0# - TERMINO DE INDIZACION - NO CONTROLADO | |
| Término no controlado | EDUCACION COMPARADA |
| 653 0# - TERMINO DE INDIZACION - NO CONTROLADO | |
| Término no controlado | EDUCACION PRIVADA |
| 653 0# - TERMINO DE INDIZACION - NO CONTROLADO | |
| Término no controlado | FINANCIAMIENTO EDUCATIVO |
| 856 4# - LOCALIZACIÓN Y ACCESO ELECTRÓNICOS | |
| Identificador Uniforme del Recurso | <a href="http://www.iisue.unam.mx/perfiles/articulo/2017-155-analisis-comparado-de-la-cobertura-de-la-educacion-superior-en-corea-del-sur-y-chile-una-reflexion-para-mexico.pdf">http://www.iisue.unam.mx/perfiles/articulo/2017-155-analisis-comparado-de-la-cobertura-de-la-educacion-superior-en-corea-del-sur-y-chile-una-reflexion-para-mexico.pdf</a> |
| 905 ## - TIPO DE MATERIAL | |
| Tipo de material | Articulo |
No items available.
